[Event "CECLUB Segunda División"]
[Site "Linares"]
[Date "2017.08.12"]
[Round "7"]
[White "Alvarez Fernandez, Enrique"]
[Black "Abal Cores, Lucas"]
[Result "0-1"]
[Board "3"]
[WhiteTitle "FM"]
[WhiteElo "2310"]
[WhiteCountry "ESP"]
[WhiteFideId "2227398"]
[WhiteEloChange "-11"]
[BlackTitle "FM"]
[BlackElo "2285"]
[BlackCountry "ESP"]
[BlackFideId "22217975"]
[BlackEloChange "11"]

1. e4 {[%clk 1:30:30]} c5 {[%clk 1:30:46]} 2. Nf3 {[%clk 1:31:22]} Nc6 {[%clk
1:30:57]} 3. Bb5 {[%clk 1:31:44]} g6 {[%clk 1:31:02]} 4. Bxc6 {[%clk 1:30:59]}
bxc6 {[%clk 1:31:15]} 5. O-O {[%clk 1:22:51]} Bg7 {[%clk 1:31:30]} 6. e5 {[%clk
1:16:40]} Nh6 {[%clk 1:29:02]} 7. Re1 {[%clk 1:15:41]} O-O {[%clk 1:28:02]} 8. d3
{[%clk 1:12:11]} f6 {[%clk 1:11:51]} 9. exf6 {[%clk 1:08:42]} exf6 {[%clk
1:06:44]} 10. Nc3 {[%clk 1:03:54]} Nf7 {[%clk 1:02:33]} 11. Bf4 {[%clk 0:53:22]}
d6 {[%clk 0:56:27]} 12. d4 {[%clk 0:51:38]} g5 {[%clk 0:54:03]} 13. Be3 {[%clk
0:50:43]} c4 {[%clk 0:54:20]} 14. d5 {[%clk 0:49:46]} c5 {[%clk 0:54:49]} 15. Qe2
{[%clk 0:44:55]} Ba6 {[%clk 0:54:30]} 16. Nd2 {[%clk 0:44:06]} Rb8 {[%clk
0:51:31]} 17. Rab1 {[%clk 0:43:50]} f5 {[%clk 0:50:10]} 18. f4 {[%clk 0:42:07]}
g4 {[%clk 0:49:18]} 19. Bf2 {[%clk 0:38:31]} Qa5 {[%clk 0:46:10]} 20. Nf1 {[%clk
0:31:11]} Rxb2 {[%clk 0:41:58]} 21. Rxb2 {[%clk 0:31:34]} Bxc3 {[%clk 0:42:21]}
22. Rbb1 {[%clk 0:31:11]} Bxe1 {[%clk 0:42:21]} 23. Bxe1 {[%clk 0:26:12]} Qxa2
{[%clk 0:32:20]} 24. Qd1 {[%clk 0:25:37]} c3 {[%clk 0:27:21]} 25. Ne3 {[%clk
0:21:48]} Qa4 {[%clk 0:27:35]} 26. g3 {[%clk 0:11:01]} Re8 {[%clk 0:19:12]} 27.
Bf2 {[%clk 0:10:36]} Qe4 {[%clk 0:09:05]} 28. Ra1 {[%clk 0:09:03]} Bb5 {[%clk
0:08:06]} 29. Rxa7 {[%clk 0:08:45]} h5 {[%clk 0:07:30]} 30. Qa1 {[%clk 0:07:04]}
Qf3 {[%clk 0:03:16]} 31. Qxc3 {[%clk 0:06:19]} Rxe3 {[%clk 0:03:30]} 32. Qxe3
{[%clk 0:05:04]} Qxd5 {[%clk 0:03:33]} 33. c3 {[%clk 0:02:28]} h4 {[%clk
0:02:25]} 34. gxh4 {[%clk 0:02:26]} Bc6 {[%clk 0:02:22]} 35. Kf1 {[%clk 0:02:17]}
Qh1+ {[%clk 0:01:37]} 36. Bg1 {[%clk 0:02:24]} Qg2+ {[%clk 0:01:29]} 37. Ke1
{[%clk 0:02:53]} Bb5 {[%clk 0:01:17]} 38. Re7 {[%clk 0:02:12]} Kf8 {[%clk
0:00:54]} 39. h5 {[%clk 0:01:52]} Ne5 {[%clk 0:00:38]} 40. Rxe5 {[%clk 0:00:50]}
Qf1+ {[%clk 0:00:58]} 41. Kd2 {[%clk 0:01:19]} dxe5 {[%clk 0:01:14]} 42. Qxc5+
{[%clk 0:01:14]} Kf7 {[%clk 0:00:33]} 43. Qc7+ {[%clk 0:01:19]} Ke8 {[%clk
0:00:34]} 44. Qxe5+ {[%clk 0:01:39]} Kd7 {[%clk 0:01:04]} 45. Qxf5+ {[%clk
0:01:53]} Kc6 {[%clk 0:01:33]} 46. Qc5+ {[%clk 0:01:54]} Kb7 {[%clk 0:01:45]} 47.
Qe7+ {[%clk 0:01:58]} Kc8 {[%clk 0:01:42]} 48. Qc5+ {[%clk 0:01:47]} Kb7 {[%clk
0:02:06]} 49. Qd5+ {[%clk 0:01:24]} Kc7 {[%clk 0:01:13]} 50. Qe5+ {[%clk
0:00:51]} Kb7 {[%clk 0:01:05]} 51. Qe4+ {[%clk 0:00:45]} Kc8 {[%clk 0:00:42]} 52.
Qe3 {[%clk 0:01:08]} Qb1 {[%clk 0:00:38]} 53. Qe6+ {[%clk 0:01:10]} Kb7 {[%clk
0:00:58]} 54. Qe7+ {[%clk 0:01:23]} Kc8 {[%clk 0:01:02]} 55. Qc5+ {[%clk
0:01:35]} Kb7 {[%clk 0:01:31]} 56. c4 {[%clk 0:00:55]} Qb2+ {[%clk 0:01:30]} 57.
Kd3 {[%clk 0:00:57]} Qb1+ {[%clk 0:01:20]} 58. Kc3 {[%clk 0:01:01]} Qe1+ {[%clk
0:01:48]} 59. Kb3 {[%clk 0:00:54]} Qb1+ {[%clk 0:01:54]} 60. Ka3 {[%clk 0:01:08]}
Qa1+ {[%clk 0:02:08]} 61. Kb4 {[%clk 0:00:47]} Qa4+ {[%clk 0:02:24]} 62. Kc3
{[%clk 0:01:15]} Qa1+ {[%clk 0:02:46]} 63. Kd2 {[%clk 0:01:14]} Qb2+ {[%clk
0:01:32]} 64. Ke3 {[%clk 0:01:09]} Bc6 {[%clk 0:00:41]} 65. Qb6+ {[%clk 0:01:18]}
Qxb6+ {[%clk 0:00:41]} 0-1

[Event "CECLUB Segunda División"]
[Site "Linares"]
[Date "2017.08.12"]
[Round "7"]
[White "Torrado Quintela, Julio"]
[Black "Arias Torio, Sergio"]
[Result "1-0"]
[Board "4"]
[WhiteElo "2201"]
[WhiteCountry "ESP"]
[WhiteFideId "2218496"]
[WhiteEloChange "7"]
[BlackElo "2109"]
[BlackCountry "ESP"]
[BlackFideId "2226472"]
[BlackEloChange "-7"]

1. e4 {[%clk 1:30:55]} g6 {[%clk 1:30:14]} 2. d4 {[%clk 1:31:16]} Bg7 {[%clk
1:30:40]} 3. Nc3 {[%clk 1:31:37]} d6 {[%clk 1:31:04]} 4. Bg5 {[%clk 1:31:25]} h6
{[%clk 1:31:29]} 5. Bf4 {[%clk 1:30:39]} a6 {[%clk 1:29:44]} 6. Qd2 {[%clk
1:29:37]} Nd7 {[%clk 1:21:41]} 7. f3 {[%clk 1:22:17]} b6 {[%clk 1:20:18]} 8. Bc4
{[%clk 1:19:39]} e6 {[%clk 1:20:36]} 9. Nge2 {[%clk 1:18:29]} Ne7 {[%clk
1:20:43]} 10. Bb3 {[%clk 1:18:27]} Bb7 {[%clk 1:17:10]} 11. h4 {[%clk 1:16:10]}
Qb8 {[%clk 0:57:06]} 12. h5 {[%clk 1:10:12]} g5 {[%clk 0:57:18]} 13. Bh2 {[%clk
1:10:35]} e5 {[%clk 0:56:43]} 14. O-O-O {[%clk 1:09:15]} Nf6 {[%clk 0:55:12]} 15.
dxe5 {[%clk 1:09:02]} dxe5 {[%clk 0:54:18]} 16. Bxe5 {[%clk 1:08:57]} Nxh5 {[%clk
0:48:56]} 17. Qd7+ {[%clk 1:08:25]} Kf8 {[%clk 0:49:17]} 18. Bxc7 {[%clk
1:06:00]} Nf6 {[%clk 0:49:37]} 19. Qd6 {[%clk 0:59:03]} Qc8 {[%clk 0:47:17]} 20.
Bd8 {[%clk 0:56:30]} 1-0

[Event "CECLUB Segunda División"]
[Site "Linares"]
[Date "2017.08.12"]
[Round "7"]
[White "Naranjo Moreno, Antonio"]
[Black "Castella Garcia, Fausto"]
[Result "0-1"]
[Board "1"]
[WhiteTitle "FM"]
[WhiteElo "2379"]
[WhiteCountry "ESP"]
[WhiteFideId "2278626"]
[WhiteEloChange "-12"]
[BlackTitle "FM"]
[BlackElo "2308"]
[BlackCountry "ESP"]
[BlackFideId "3501922"]
[BlackEloChange "12"]

1. e4 {[%clk 1:30:50]} c5 {[%clk 1:30:18]} 2. Nf3 {[%clk 1:31:10]} e6 {[%clk
1:29:34]} 3. d4 {[%clk 1:31:34]} cxd4 {[%clk 1:30:00]} 4. Nxd4 {[%clk 1:31:57]}
a6 {[%clk 1:30:27]} 5. Bd3 {[%clk 1:31:52]} Ne7 {[%clk 1:29:49]} 6. O-O {[%clk
1:25:43]} Nbc6 {[%clk 1:29:34]} 7. Be3 {[%clk 1:16:37]} Ng6 {[%clk 1:15:54]} 8.
Nxc6 {[%clk 1:03:10]} dxc6 {[%clk 1:07:24]} 9. Nd2 {[%clk 0:58:32]} b5 {[%clk
0:56:35]} 10. Nb3 {[%clk 0:53:23]} Qc7 {[%clk 0:53:54]} 11. Qh5 {[%clk 0:41:22]}
Bd6 {[%clk 0:47:03]} 12. g3 {[%clk 0:34:40]} e5 {[%clk 0:43:46]} 13. c4 {[%clk
0:34:50]} Qe7 {[%clk 0:33:51]} 14. f4 {[%clk 0:27:52]} exf4 {[%clk 0:30:01]} 15.
Bxf4 {[%clk 0:17:32]} Ne5 {[%clk 0:19:18]} 16. Be2 {[%clk 0:14:11]} O-O {[%clk
0:18:37]} 17. Rad1 {[%clk 0:13:50]} f6 {[%clk 0:16:06]} 18. Nd4 {[%clk 0:09:43]}
g6 {[%clk 0:15:36]} 19. Qh4 {[%clk 0:09:41]} g5 {[%clk 0:11:54]} 20. Bxg5 {[%clk
0:09:46]} fxg5 {[%clk 0:12:23]} 21. Rxf8+ {[%clk 0:10:06]} Kxf8 {[%clk 0:12:43]}
22. Qh6+ {[%clk 0:10:12]} Kg8 {[%clk 0:12:16]} 23. Nxc6 {[%clk 0:08:33]} Bc5+
{[%clk 0:11:28]} 0-1

[Event "CECLUB Segunda División"]
[Site "Linares"]
[Date "2017.08.12"]
[Round "7"]
[White "Serarols Mabras, Bernat"]
[Black "Martin Carmona, Gaston Manuel"]
[Result "0-1"]
[Board "2"]
[WhiteTitle "FM"]
[WhiteElo "2218"]
[WhiteCountry "ESP"]
[WhiteFideId "2238276"]
[WhiteEloChange "-10"]
[BlackElo "2205"]
[BlackCountry "ESP"]
[BlackFideId "22284567"]
[BlackEloChange "10"]

1. d4 {[%clk 1:29:50]} d5 {[%clk 1:29:35]} 2. c4 {[%clk 1:30:11]} c6 {[%clk
1:29:41]} 3. Nf3 {[%clk 1:30:35]} Nf6 {[%clk 1:29:36]} 4. e3 {[%clk 1:30:55]} Bf5
{[%clk 1:26:38]} 5. Nc3 {[%clk 1:31:18]} e6 {[%clk 1:26:18]} 6. Nh4 {[%clk
1:30:15]} Be4 {[%clk 1:26:21]} 7. f3 {[%clk 1:27:32]} Bg6 {[%clk 1:24:16]} 8. Qb3
{[%clk 1:17:36]} Qc7 {[%clk 1:23:33]} 9. Bd2 {[%clk 1:04:54]} Be7 {[%clk
1:23:29]} 10. cxd5 {[%clk 1:01:43]} cxd5 {[%clk 1:21:28]} 11. Nxg6 {[%clk
0:55:12]} hxg6 {[%clk 1:21:37]} 12. g3 {[%clk 0:54:48]} Nc6 {[%clk 1:21:53]} 13.
O-O-O {[%clk 0:54:24]} O-O-O {[%clk 1:20:29]} 14. Kb1 {[%clk 0:54:53]} Kb8 {[%clk
1:19:57]} 15. Rc1 {[%clk 0:52:42]} Rc8 {[%clk 1:10:33]} 16. Na4 {[%clk 0:45:49]}
Ka8 {[%clk 1:02:53]} 17. Bb5 {[%clk 0:44:28]} g5 {[%clk 0:59:56]} 18. g4 {[%clk
0:29:29]} Rxh2 {[%clk 0:53:13]} 19. Rxh2 {[%clk 0:29:15]} Qxh2 {[%clk 0:53:20]}
20. Qd3 {[%clk 0:26:24]} Qh7 {[%clk 0:44:31]} 21. Qxh7 {[%clk 0:26:28]} Nxh7
{[%clk 0:44:57]} 22. Rh1 {[%clk 0:26:21]} Nf6 {[%clk 0:45:24]} 23. a3 {[%clk
0:26:35]} Kb8 {[%clk 0:45:25]} 24. Bd3 {[%clk 0:27:03]} e5 {[%clk 0:42:18]} 25.
Bc3 {[%clk 0:19:52]} exd4 {[%clk 0:41:39]} 26. exd4 {[%clk 0:19:41]} Bd6 {[%clk
0:41:48]} 27. Rf1 {[%clk 0:13:45]} b6 {[%clk 0:41:04]} 28. Ba6 {[%clk 0:13:56]}
Rh8 {[%clk 0:41:21]} 29. Bb5 {[%clk 0:14:19]} Kb7 {[%clk 0:41:15]} 30. Bxc6+
{[%clk 0:14:16]} Kxc6 {[%clk 0:41:43]} 31. Bd2 {[%clk 0:14:45]} Bf4 {[%clk
0:38:13]} 32. Rf2 {[%clk 0:11:34]} Rh3 {[%clk 0:32:20]} 33. Kc2 {[%clk 0:10:25]}
Nd7 {[%clk 0:30:30]} 34. Nc3 {[%clk 0:09:34]} Nf8 {[%clk 0:30:20]} 35. Ne2 {[%clk
0:09:22]} Ne6 {[%clk 0:30:48]} 36. Bxf4 {[%clk 0:07:12]} gxf4 {[%clk 0:31:13]}
37. Ng1 {[%clk 0:06:51]} Rh1 {[%clk 0:24:25]} 38. Ne2 {[%clk 0:07:20]} g5 {[%clk
0:23:29]} 39. Kd3 {[%clk 0:06:19]} Nf8 {[%clk 0:22:59]} 40. Nc3 {[%clk 0:06:25]}
Ng6 {[%clk 0:22:57]} 41. Rc2 {[%clk 0:06:34]} Kd7 {[%clk 0:14:33]} 42. Nxd5
{[%clk 0:06:56]} Rd1+ {[%clk 0:14:57]} 43. Ke4 {[%clk 0:06:04]} Kd6 {[%clk
0:14:59]} 44. Nc3 {[%clk 0:05:58]} Re1+ {[%clk 0:15:18]} 45. Kf5 {[%clk 0:05:52]}
Nh4+ {[%clk 0:12:45]} 46. Kxg5 {[%clk 0:06:22]} Nxf3+ {[%clk 0:13:03]} 47. Kxf4
{[%clk 0:06:30]} Nxd4 {[%clk 0:13:15]} 48. Rd2 {[%clk 0:06:10]} Kc5 {[%clk
0:13:43]} 49. Ne4+ {[%clk 0:06:15]} Kd5 {[%clk 0:14:00]} 50. Ng3 {[%clk 0:05:26]}
Kc4 {[%clk 0:14:05]} 51. Nf5 {[%clk 0:03:58]} Ne6+ {[%clk 0:12:58]} 52. Kg3
{[%clk 0:03:57]} Nc5 {[%clk 0:11:37]} 53. Kf4 {[%clk 0:03:13]} a5 {[%clk
0:10:02]} 54. Nd6+ {[%clk 0:03:25]} Kb3 {[%clk 0:10:17]} 55. Nf5 {[%clk 0:02:00]}
b5 {[%clk 0:06:57]} 56. Nd6 {[%clk 0:01:49]} b4 {[%clk 0:06:48]} 57. axb4 {[%clk
0:02:14]} axb4 {[%clk 0:07:10]} 58. g5 {[%clk 0:01:40]} Ne6+ {[%clk 0:06:40]} 59.
Kf5 {[%clk 0:01:05]} Rf1+ {[%clk 0:06:50]} 60. Kg4 {[%clk 0:01:23]} Rg1+ {[%clk
0:06:59]} 61. Kf5 {[%clk 0:01:45]} Nxg5 {[%clk 0:06:19]} 62. Kf6 {[%clk 0:02:09]}
Ka2 {[%clk 0:04:50]} 63. Rd4 {[%clk 0:01:59]} b3 {[%clk 0:04:23]} 64. Rd2 {[%clk
0:02:09]} Rg3 {[%clk 0:03:07]} 65. Re2 {[%clk 0:01:58]} Rg1 {[%clk 0:02:29]} 66.
Nc4 {[%clk 0:01:39]} Rc1 {[%clk 0:01:05]} 67. Na5 {[%clk 0:01:37]} Rc5 {[%clk
0:00:47]} 68. Nxb3 {[%clk 0:00:44]} Kxb3 {[%clk 0:01:12]} 69. Rg2 {[%clk
0:00:45]} Rc6+ {[%clk 0:01:06]} 70. Kf5 {[%clk 0:01:04]} Ne6 {[%clk 0:00:45]} 71.
Rg3+ {[%clk 0:00:56]} Kxb2 {[%clk 0:01:00]} 72. Kf6 {[%clk 0:01:25]} Nd8+ {[%clk
0:00:42]} 73. Ke7 {[%clk 0:01:53]} Rc8 {[%clk 0:01:01]} 74. Kf6 {[%clk 0:01:08]}
Kc2 {[%clk 0:01:08]} 75. Rh3 {[%clk 0:01:24]} Rc7 {[%clk 0:01:18]} 76. Rh8 {[%clk
0:01:31]} Rd7 {[%clk 0:01:43]} 77. Rh3 {[%clk 0:01:49]} Kd2 {[%clk 0:01:47]} 78.
Ra3 {[%clk 0:02:01]} Ne6 {[%clk 0:01:51]} 79. Rh3 {[%clk 0:02:09]} Nd8 {[%clk
0:02:20]} 80. Ra3 {[%clk 0:02:38]} Rd3 {[%clk 0:02:41]} 81. Ra4 {[%clk 0:02:28]}
Ke3 {[%clk 0:03:04]} 0-1

[Event "CECLUB Segunda División"]
[Site "Linares"]
[Date "2017.08.12"]
[Round "7"]
[White "Podvin, Francois-xavier"]
[Black "Bas Mas, Miguel"]
[Result "1/2-1/2"]
[Board "3"]
[WhiteElo "2167"]
[WhiteCountry "FRA"]
[WhiteFideId "677540"]
[WhiteEloChange "2"]
[BlackElo "2236"]
[BlackCountry "ESP"]
[BlackFideId "2237954"]
[BlackEloChange "-2"]

1. e4 {[%clk 1:30:47]} c5 {[%clk 1:30:39]} 2. Nf3 {[%clk 1:31:03]} d6 {[%clk
1:31:01]} 3. d4 {[%clk 1:31:27]} cxd4 {[%clk 1:31:28]} 4. Nxd4 {[%clk 1:31:53]}
Nf6 {[%clk 1:31:43]} 5. Nc3 {[%clk 1:32:18]} g6 {[%clk 1:32:02]} 6. Be3 {[%clk
1:32:40]} Bg7 {[%clk 1:32:28]} 7. f3 {[%clk 1:32:53]} Nc6 {[%clk 1:32:53]} 8. Qd2
{[%clk 1:32:51]} O-O {[%clk 1:33:17]} 9. Bc4 {[%clk 1:32:42]} Nxd4 {[%clk
1:32:10]} 10. Bxd4 {[%clk 1:32:37]} Be6 {[%clk 1:32:38]} 11. Bb3 {[%clk 1:30:43]}
Qa5 {[%clk 1:30:16]} 12. O-O-O {[%clk 1:25:13]} Bxb3 {[%clk 1:28:43]} 13. cxb3
{[%clk 1:25:31]} Rfc8 {[%clk 1:18:34]} 14. Kb1 {[%clk 1:24:13]} b5 {[%clk
1:18:27]} 15. Bxf6 {[%clk 0:41:42]} Bxf6 {[%clk 1:18:46]} 16. Nd5 {[%clk
0:39:38]} Qxd2 {[%clk 1:19:14]} 17. Nxf6+ {[%clk 0:40:02]} Kg7 {[%clk 1:19:42]}
18. Nh5+ {[%clk 0:40:26]} gxh5 {[%clk 1:20:11]} 19. Rxd2 {[%clk 0:40:49]} Rc5
{[%clk 1:20:12]} 20. b4 {[%clk 0:37:41]} Rg5 {[%clk 1:08:47]} 21. Rc1 {[%clk
0:35:57]} Kf6 {[%clk 1:05:36]} 22. f4 {[%clk 0:24:59]} Rg4 {[%clk 1:04:31]} 23.
e5+ {[%clk 0:23:10]} dxe5 {[%clk 1:01:31]} 24. fxe5+ {[%clk 0:21:33]} Kxe5 {[%clk
0:59:14]} 25. Re1+ {[%clk 0:18:32]} Re4 {[%clk 0:57:44]} 26. Rxe4+ {[%clk
0:18:39]} Kxe4 {[%clk 0:58:13]} 27. Re2+ {[%clk 0:18:57]} Kd3 {[%clk 0:56:47]}
28. Rxe7 {[%clk 0:19:10]} Rg8 {[%clk 0:56:17]} 29. g3 {[%clk 0:15:44]} h4 {[%clk
0:56:11]} 30. Rd7+ {[%clk 0:15:56]} Kc4 {[%clk 0:56:18]} 31. Rxf7 {[%clk
0:15:59]} hxg3 {[%clk 0:56:46]} 32. hxg3 {[%clk 0:15:42]} Rxg3 {[%clk 0:57:09]}
33. Rxh7 {[%clk 0:15:04]} Rg1+ {[%clk 0:57:20]} 34. Kc2 {[%clk 0:15:25]} Rg2+
{[%clk 0:57:28]} 35. Kb1 {[%clk 0:15:38]} 1/2-1/2

[Event "CECLUB Segunda División"]
[Site "Linares"]
[Date "2017.08.12"]
[Round "7"]
[White "Jimenez Mompo, Candido"]
[Black "Ramos Moreno, Francisco Jose"]
[Result "0-1"]
[Board "4"]
[WhiteElo "1993"]
[WhiteCountry "ESP"]
[WhiteFideId "22250140"]
[WhiteEloChange "-8"]
[BlackElo "2067"]
[BlackCountry "ESP"]
[BlackFideId "2221861"]
[BlackEloChange "8"]

1. d4 {[%clk 1:30:14]} Nf6 {[%clk 1:30:46]} 2. c4 {[%clk 1:30:27]} e6 {[%clk
1:31:04]} 3. Nf3 {[%clk 1:30:17]} Bb4+ {[%clk 1:31:21]} 4. Bd2 {[%clk 1:29:06]}
Qe7 {[%clk 1:31:37]} 5. a3 {[%clk 1:26:39]} Bxd2+ {[%clk 1:31:57]} 6. Nbxd2
{[%clk 1:26:53]} d6 {[%clk 1:30:56]} 7. e4 {[%clk 1:22:33]} e5 {[%clk 1:31:08]}
8. d5 {[%clk 1:16:11]} a5 {[%clk 1:28:34]} 9. b4 {[%clk 1:13:06]} O-O {[%clk
1:26:43]} 10. Be2 {[%clk 1:08:11]} Bd7 {[%clk 1:18:36]} 11. O-O {[%clk 1:07:17]}
Na6 {[%clk 1:17:19]} 12. Rb1 {[%clk 1:04:05]} g6 {[%clk 1:13:36]} 13. Ne1 {[%clk
1:03:15]} Ne8 {[%clk 1:10:40]} 14. Nd3 {[%clk 1:02:52]} f5 {[%clk 1:09:39]} 15.
f3 {[%clk 1:00:55]} axb4 {[%clk 0:58:32]} 16. axb4 {[%clk 1:01:18]} Nf6 {[%clk
0:57:22]} 17. b5 {[%clk 0:47:15]} Nc5 {[%clk 0:48:55]} 18. Nxc5 {[%clk 0:47:38]}
dxc5 {[%clk 0:49:19]} 19. b6 {[%clk 0:45:32]} c6 {[%clk 0:49:03]} 20. Ra1 {[%clk
0:45:49]} Rab8 {[%clk 0:44:27]} 21. Ra7 {[%clk 0:44:27]} Nh5 {[%clk 0:41:07]} 22.
Kh1 {[%clk 0:37:10]} f4 {[%clk 0:39:15]} 23. Rf2 {[%clk 0:32:42]} Qh4 {[%clk
0:37:40]} 24. Kg1 {[%clk 0:33:03]} Ng3 {[%clk 0:31:06]} 25. Qa1 {[%clk 0:16:11]}
Rfe8 {[%clk 0:30:59]} 26. Nb3 {[%clk 0:16:13]} cxd5 {[%clk 0:11:39]} 27. cxd5
{[%clk 0:13:47]} Nxe2+ {[%clk 0:11:44]} 28. Rxe2 {[%clk 0:14:12]} Bb5 {[%clk
0:11:12]} 29. Rc2 {[%clk 0:14:02]} c4 {[%clk 0:11:08]} 30. Nc5 {[%clk 0:07:27]}
Qe7 {[%clk 0:10:37]} 31. Ne6 {[%clk 0:07:01]} Qd6 {[%clk 0:10:06]} 32. Qa5 {[%clk
0:06:51]} Rxe6 {[%clk 0:08:43]} 33. Qxb5 {[%clk 0:07:12]} Qxb6+ {[%clk 0:09:02]}
34. Qxb6 {[%clk 0:07:33]} Rxb6 {[%clk 0:09:26]} 35. Rxc4 {[%clk 0:07:23]} Rb1+
{[%clk 0:07:21]} 36. Kf2 {[%clk 0:07:47]} Rb2+ {[%clk 0:07:42]} 37. Kf1 {[%clk
0:08:04]} Rd8 {[%clk 0:06:59]} 38. Rc7 {[%clk 0:07:48]} b5 {[%clk 0:06:31]} 39.
Rg7+ {[%clk 0:08:08]} Kh8 {[%clk 0:06:29]} 40. Rxh7+ {[%clk 0:08:34]} Kg8 {[%clk
0:06:54]} 41. Rhg7+ {[%clk 0:07:37]} Kh8 {[%clk 0:07:18]} 42. Rxg6 {[%clk
0:06:50]} b4 {[%clk 0:07:42]} 43. Rb7 {[%clk 0:03:52]} Ra8 {[%clk 0:07:46]} 44.
Rh6+ {[%clk 0:03:07]} Kg8 {[%clk 0:08:11]} 45. Rg6+ {[%clk 0:02:09]} Kf8 {[%clk
0:08:36]} 46. Rf6+ {[%clk 0:02:21]} Ke8 {[%clk 0:09:01]} 47. Re6+ {[%clk
0:02:30]} Kd8 {[%clk 0:09:25]} 0-1

[Event "CECLUB Segunda División"]
[Site "Linares"]
[Date "2017.08.12"]
[Round "7"]
[White "Montoliu Cervero, Francisco"]
[Black "Ceballos Hornero, Daniel"]
[Result "1-0"]
[Board "1"]
[WhiteTitle "FM"]
[WhiteElo "2384"]
[WhiteCountry "ESP"]
[WhiteFideId "2214814"]
[WhiteEloChange "4"]
[BlackElo "2138"]
[BlackCountry "ESP"]
[BlackFideId "2219247"]
[BlackEloChange "-4"]

1. e4 {[%clk 1:30:54]} e5 {[%clk 1:30:37]} 2. Nf3 {[%clk 1:31:07]} Nc6 {[%clk
1:30:54]} 3. Bb5 {[%clk 1:31:24]} a6 {[%clk 1:30:58]} 4. Ba4 {[%clk 1:31:45]} d6
{[%clk 1:31:09]} 5. c3 {[%clk 1:31:18]} Bd7 {[%clk 1:31:30]} 6. O-O {[%clk
1:31:29]} Nge7 {[%clk 1:31:00]} 7. h3 {[%clk 1:29:41]} Ng6 {[%clk 1:30:40]} 8. d4
{[%clk 1:28:33]} Be7 {[%clk 1:30:25]} 9. Nbd2 {[%clk 1:26:00]} O-O {[%clk
1:27:12]} 10. Re1 {[%clk 1:24:18]} exd4 {[%clk 1:24:10]} 11. cxd4 {[%clk
1:22:00]} Kh8 {[%clk 1:22:20]} 12. Nf1 {[%clk 1:17:54]} f5 {[%clk 1:13:37]} 13.
exf5 {[%clk 1:15:51]} Bxf5 {[%clk 1:13:16]} 14. Ng3 {[%clk 1:15:55]} Bd7 {[%clk
1:12:45]} 15. Bc2 {[%clk 1:14:21]} Bf6 {[%clk 0:55:12]} 16. a3 {[%clk 1:04:14]}
Re8 {[%clk 0:50:54]} 17. Be3 {[%clk 1:02:34]} Na5 {[%clk 0:37:05]} 18. Qd3 {[%clk
0:43:25]} b5 {[%clk 0:33:55]} 19. Nh5 {[%clk 0:31:02]} Nc4 {[%clk 0:33:07]} 20.
Nf4 {[%clk 0:31:11]} Nf8 {[%clk 0:30:55]} 21. b3 {[%clk 0:27:48]} Nxe3 {[%clk
0:31:10]} 22. fxe3 {[%clk 0:28:02]} c5 {[%clk 0:28:41]} 23. Nh5 {[%clk 0:24:35]}
g6 {[%clk 0:24:34]} 24. Nxf6 {[%clk 0:24:45]} Qxf6 {[%clk 0:24:59]} 25. Nd2
{[%clk 0:23:13]} Bf5 {[%clk 0:20:10]} 26. e4 {[%clk 0:22:50]} Be6 {[%clk
0:19:22]} 27. e5 {[%clk 0:20:35]} Qg7 {[%clk 0:13:15]} 28. dxc5 {[%clk 0:13:37]}
dxc5 {[%clk 0:13:35]} 29. Qc3 {[%clk 0:13:02]} Bd5 {[%clk 0:10:03]} 30. Re3
{[%clk 0:11:27]} Ne6 {[%clk 0:09:44]} 31. Ne4 {[%clk 0:10:59]} Bxe4 {[%clk
0:08:42]} 32. Bxe4 {[%clk 0:11:18]} Rad8 {[%clk 0:09:05]} 33. Rae1 {[%clk
0:11:09]} Rd4 {[%clk 0:07:21]} 34. Bf3 {[%clk 0:10:55]} Red8 {[%clk 0:07:26]} 35.
Bg4 {[%clk 0:10:32]} Qe7 {[%clk 0:07:09]} 36. Bxe6 {[%clk 0:10:44]} Qxe6 {[%clk
0:07:35]} 37. Qxc5 {[%clk 0:10:58]} R4d5 {[%clk 0:07:26]} 38. Qc3 {[%clk
0:11:05]} Rc8 {[%clk 0:06:59]} 39. Qb2 {[%clk 0:11:07]} Kg8 {[%clk 0:06:14]} 40.
Kh2 {[%clk 0:10:13]} Rcc5 {[%clk 0:06:10]} 41. Qe2 {[%clk 0:09:51]} Rc7 {[%clk
0:05:30]} 42. Rf1 {[%clk 0:08:48]} Rf7 {[%clk 0:05:33]} 43. Rxf7 {[%clk 0:08:55]}
Kxf7 {[%clk 0:06:01]} 44. Qf3+ {[%clk 0:09:06]} Kg7 {[%clk 0:05:35]} 45. Qf4
{[%clk 0:09:02]} Rc5 {[%clk 0:04:51]} 46. b4 {[%clk 0:08:57]} Rc4 {[%clk
0:04:32]} 47. Qg5 {[%clk 0:08:35]} Rd4 {[%clk 0:04:38]} 48. Rc3 {[%clk 0:08:15]}
Rd7 {[%clk 0:04:36]} 49. Rc5 {[%clk 0:07:56]} Re7 {[%clk 0:03:59]} 50. Qf4 {[%clk
0:07:45]} Rf7 {[%clk 0:03:56]} 51. Qe4 {[%clk 0:08:03]} Re7 {[%clk 0:04:13]} 52.
Rd5 {[%clk 0:06:24]} Re8 {[%clk 0:04:17]} 53. Qd4 {[%clk 0:06:01]} Re7 {[%clk
0:04:31]} 54. Kg3 {[%clk 0:05:39]} Re8 {[%clk 0:03:55]} 55. Rd7+ {[%clk 0:05:45]}
Kg8 {[%clk 0:03:02]} 56. Qd5 {[%clk 0:05:38]} Qxd5 {[%clk 0:02:58]} 57. Rxd5
{[%clk 0:06:07]} Rc8 {[%clk 0:03:16]} 58. Kf4 {[%clk 0:05:47]} Rc3 {[%clk
0:02:32]} 59. Rd8+ {[%clk 0:04:53]} Kg7 {[%clk 0:00:48]} 60. Rd7+ {[%clk
0:05:18]} Kh6 {[%clk 0:01:01]} 61. e6 {[%clk 0:05:28]} 1-0